| 000 | 01001cam a22003137a 4500 | ||
|---|---|---|---|
| 003 | CHAP | ||
| 005 | 20220329142301.0 | ||
| 008 | 000509d1999 us r 00110 eng d | ||
| 010 | _a81041 | ||
| 011 | _a82013 | ||
| 020 | _a0471023094 | ||
| 035 | _a92498 | ||
| 040 | _cCHAP | ||
| 082 |
_a631.522 _bA55 1999 |
||
| 100 | 0 | 0 |
_aAllard, Robert Wayne. _94368 |
| 245 | 1 | 0 |
_aPrinciples of plant breeding _c/by Robert W. Allard |
| 250 | _a2 ed. | ||
| 260 |
_aNew York : _bJohn Wiley & Sons, _c1999. |
||
| 300 | _a254 p. | ||
| 590 |
_aBATCH-UPD _b10 _c20130110 _lUCH01 _h0026 |
||
| 590 |
_aBATCH-UPD _b10 _c20130110 _lUCH01 _h2021 |
||
| 590 |
_aCONVERSION _b10 _c20130109 _lUCH01 _h1345 |
||
| 650 | 1 | 4 |
_aPlantas _xMejoramiento. _988849 |
| 901 | _aBK | ||
| 905 | _aAlejandra Carrasco M. | ||
| 942 | _cLIBRO | ||
| 949 |
_a631.522 A55 1999 _bBC _cLIBRO _d33724000781514 _eLIBRO _gI.203431 _h97901 _i92498 _si _t$ 962. |
||
| 949 |
_a631.522 A55 1999 _bBC _cLIBRO _d33724000811402 _eLIBRO _fc.2 _gI.208983 _h99090 _i92498 _si _t$ |
||
| 999 |
_c81041 _d81041 |
||